000 00378nam a2200157Ia 4500
008 220524s9999 xx 000 0 und d
041 _aeng
082 _a-
100 _aEd: Dhamija , J.
_98376
245 _aMarg : Woven Splendours : Indian Silks Vol. XLVI , No. 3.
260 _bMarg Pub.--
_c1995
300 _a106
650 _aTextile
_98377
906 _a
999 _c7824
_d7824